Možný vývoj zaměstnanosti v pojišťovnách po vstupu do EU
Český poistný trh po vstupe do EÚ. Počet poisťovní a počet zamestnancov v poisťovníctve medzi ČR a EÚ. Počet zamestnancov v poisťovniach v rokoch 2000 a 2002. Možné dopady na zamestnanosť v poisťovníctve po vstupe ČR do EÚ.
Gespeichert in:
| 1. Verfasser: | |
|---|---|
| Format: | Buchkapitel |
| Sprache: | Tschechisch |
| Schlagworte: | |
| Tags: |
Keine Tags, Fügen Sie das erste Tag hinzu!
|
MARC
| LEADER | 00000naa$a2200000$$$4500 | ||
|---|---|---|---|
| 001 | 0004458 | ||
| 005 | 20230927101329.7 | ||
| 041 | 0 | |a cze | |
| 044 | |a CZ | ||
| 245 | 1 | 0 | |a Možný vývoj zaměstnanosti v pojišťovnách po vstupu do EU |c aut. Aleš Zuzaňák |
| 520 | |a Český poistný trh po vstupe do EÚ. Počet poisťovní a počet zamestnancov v poisťovníctve medzi ČR a EÚ. Počet zamestnancov v poisťovniach v rokoch 2000 a 2002. Možné dopady na zamestnanosť v poisťovníctve po vstupe ČR do EÚ. | ||
| 610 | 2 | 0 | |a poisťovníctvo |
| 610 | 2 | 0 | |a poisťovne |
| 610 | 2 | 0 | |a Európska únia |
| 610 | 2 | 0 | |a Česko |
| 610 | 2 | 0 | |a zamestnanosť |
| 610 | 2 | 0 | |a trh práce |
| 100 | 1 | |a Zuzaňák, Aleš | |